Wszystkie miasta w województwie lubelskim poniżej 10k - Statystyki

Ogólne statystyki
  • Ten quiz został rozwiązany 36 razy
    13 od ostatniego zresetowania
  • Średni wynik to 20 z 32
Statystyki odpowiedzi
Powiat Miasto % Poprawnych
rycki Ryki
89%
biłgorajski Frampol
78%
zamojski Szczebrzeszyn
78%
lubelski Bełżyce
67%
lubelski Bychawa
67%
biłgorajski Józefów
67%
opolski Józefów nad Wisłą
67%
puławski Kazimierz Dolny
67%
puławski Końskowola
67%
puławski Nałęczów
67%
bialski Piszczac
67%
opolski Poniatowa
67%
chełmski Rejowiec
67%
chełmski Rejowiec Fabryczny
67%
łukowski Stoczek Łukowski
67%
biłgorajski Tarnogród
67%
bialski Terespol
67%
biłgorajski Turobin
67%
tomaszowski Tyszowce
67%
kraśnicki Urzędów
67%
kraśnicki Annopol
56%
radzyński Czemierniki
56%
biłgorajski Goraj
56%
krasnostawski Izbica
56%
zamojski Krasnobród
56%
puławski Kurów
56%
tomaszowski Lubycza Królewska
56%
opolski Opole Lubelskie
56%
chełmski Siedliszcze
56%
puławski Wąwolnica
56%
zamojski Zwierzyniec
56%
tomaszowski Łaszczów
44%
Nie znaleziono quizów pasujących do podanych kryteriów
Rozkład punktacji
Procent ludzi z każdym wynikiem
Percentyl według liczby udzielonych odpowiedzi
Twoja historia wyników
Nie rozwiązałeś tego quizu od ostatniego zresetowania